Normal view
MARC view
- Abdul Basir | Maria Hameed | Rahat Shiraz Hashmi
Entry Personal Name
001 - CONTROL NUMBER
- control field: 5414
003 - CONTROL NUMBER IDENTIFIER
- control field: NUST
005 - DATE AND TIME OF LATEST TRANSACTION
- control field: 20171012172534.0
008 - FIXED-LENGTH DATA ELEMENTS
- fixed length control field: 171012|| aca||aabn | a|a d
040 ## - CATALOGING SOURCE
- Original cataloging agency: NUST
- Transcribing agency: NUST
100 ## - HEADING--PERSONAL NAME
- Personal name: Abdul Basir | Maria Hameed | Rahat Shiraz Hashmi
670 ## - SOURCE DATA FOUND
- Source citation: Work cat.: (NUST): Abdul Basir | Maria Hameed | Rahat Shiraz Hashmi, Apraxiator, 2017
